[Event "CHI-ch Women 2020"]
[Site "Las Condes"]
[Date "2020.02.15"]
[Round "6.6"]
[White "Hormazabal Figueroa, Constanza Valentina"]
[Black "Fuentes Inzunza, Lesly"]
[Result "1/2-1/2"]
[WhiteElo "1786"]
[BlackElo "1851"]
[Annotator "NA RC"]
[PlyCount "136"]
[EventDate "2020.02.11"]
[EventType "tourn"]
[EventCountry "CHI"]
[SourceTitle "playchess.com"]
[Source "ChessBase"]
[SourceQuality "1"]
[TimeControl "5400+30"]

{[%evp 21,134,-18,32767,0,0,-22,-44,-57,-44,-54,-50,-53,133,116,204,229,268,320,190,310,206,-123,-131,-215,-192,-170,-229,-189,-244,-888,-805,-1535,-571,-1584,-407,-5377,-1213,-1299,-151,-222,0,-125,8,4,10,8,24,0,18,15,26,15,15,0,34,18,41,29,28,0,45,28,20,14,14,14,60,72,63,0,47,0,8,0,40,41,287,32767,32767,32767,4134,4627,4622,29953,29972,177,134,173,152,60,78,21,108,122,14,0,4618,4782,29963,12822,29964,5072,29959,685,29980,5058,29980,0,0,0,0,0,0,0,0]} 1. e4 {[%emt 0:04:08]} c6 {[%emt 0:04:49]} 2. d4 {[%emt 0:00:31]} d5 {[%emt 0:00:09]} 3. Nc3 {[%emt 0:00:09]} dxe4 {[%emt 0:00:06]} 4. Nxe4 {[%emt 0:00:10]} Nf6 {[%emt 0:00:05]} 5. Nxf6+ {[%emt 0:00:39]} exf6 {[%emt 0:00:08]} 6. c3 {[%emt 0:00:49]} Bf5 {[%emt 0:01:49]} 7. Be3 {[%emt 0:03:23] B15: Caro-Kann: 3 Nc3: 3...g6 and 3...dxe4 4 Nxe4 Nf6 5 Nxf6+ exf6.} Bd6 {[%emt 0:00:38]} 8. Bc4 {[%emt 0:00:50]} O-O {[%emt 0:00:48] [#]} 9. Ne2 $146 {[%emt 0:04:03]} ({Predecessor:} 9. Nf3 Nd7 10. Nh4 Be4 11. Qg4 Re8 12. Nf5 Bxf5 13. Qxf5 Nb6 14. Bd3 g6 15. Qf3 {0-1 (60) Shailesh,D (2171)-Kunal,M (2354) Mumbai 2016}) 9... Qc7 {[%emt 0:01:42]} 10. Ng3 {[%emt 0:02:44]} Bg6 {[%emt 0:05:33]} 11. Qf3 {[%emt 0:02:04]} Nd7 {[%emt 0:01:32]} 12. O-O-O {[%emt 0:02:43]} b5 {[%emt 0:02:03]} 13. Bb3 {[%emt 0:00:52]} a5 {[%emt 0:17:38]} 14. Bc2 {[%emt 0:04:41]} Nb6 {[%emt 0:19:59]} 15. Nf5 {[%emt 0:12:56]} b4 {[%emt 0:06:07]} 16. h4 {[%emt 0:00:22]} bxc3 $2 {[%emt 0:02:51] [#]} (16... Bxf5 $1 $15 {stays ahead.} 17. Qxf5 g6 18. Qxf6 Nd5 {[%mdl 64] Double Attack}) 17. h5 $1 {[%emt 0:00:38]} cxb2+ {[%emt 0:00:43]} 18. Kb1 {[%emt 0:00:16]} Bxf5 {[%emt 0:19:26]} 19. Qxf5 {[%emt 0:00:09]} g6 {[%emt 0:00:18]} 20. hxg6 {[%emt 0:03:42]} fxg6 {[%emt 0:00:12] [#]} 21. Bb3+ $2 {[%emt 0:00:12]} (21. Qe6+ $1 $18 Rf7 22. Rxh7 Kxh7 23. Rh1+ Kg8 24. Bxg6 {[%mdl 64] Pin}) 21... Nd5 {[%emt 0:01:30]} 22. Bxd5+ {[%emt 0:11:14]} (22. Qc2 $17) 22... cxd5 {[%emt 0:00:02]} 23. Qxd5+ {[%emt 0:00:18]} Kh8 {[%emt 0:00:04]} 24. g3 {[%emt 0:02:38] [#]} g5 $1 {[%emt 0:05:19]} 25. Rh6 $2 {[%emt 0:09:56]} (25. Qe4 Rae8 26. Qc2) 25... Rac8 {[%emt 0:01:41]} 26. Qf5 {[%emt 0:00:32]} Kg8 {[%emt 0:02:51]} (26... Ba3 $142 27. Rhh1 Qb7 28. Qc2 Rxc2 29. Kxc2 Rc8+ 30. Kd3 Qb5+ 31. Ke4 f5+ 32. Kf3 Qd5+ {[%mdl 64] Double Attack} 33. Ke2 Rc2+ 34. Rd2 Rxd2+ 35. Kxd2 Qxh1 36. Bxg5 b1=Q 37. Bf6+ Kg8 38. Ke3 Qhe4+ 39. Kd2 Qee1#) 27. f4 {[%emt 0:07:19]} Rf7 {[%emt 0:02:42]} (27... Ba3 $142 28. Rhh1 Qb7 29. Qxh7+ Qxh7+ 30. Rxh7 Kxh7 31. Rh1+ Kg6 32. Bd2 Rc4 33. fxg5 fxg5 34. Re1 {[#]} Re8 $1 {[%mdl 512]} 35. Rf1 Rb8 36. Rf6+ Kxf6 37. g4 Rc1+ {[%mdl 64] Back Rank} 38. Bxc1 bxc1=Q#) 28. fxg5 $2 {[%emt 0:01:45]} (28. Rh2 Ba3 29. Rc2 Qxc2+ 30. Qxc2 Rxc2 31. Kxc2) 28... fxg5 {[%emt 0:00:02]} (28... Ba3 $142 29. Qc5 Bxc5 30. a4 {[#]} Bxd4 $1 {[%mdl 512]} 31. Rh2 Bxe3 32. Rxb2 fxg5 33. Re1 Qc4 34. Rd1 Bd4 35. Re1 Rf2 36. Re8+ Rxe8 37. Re2 Rfxe2 38. g4 Re1#) 29. Qxg5+ {[%emt 0:03:23]} Kh8 $2 {[%emt 0:00:01]} (29... Rg7 $19 {[%csl Gc8][%cal Rc7c2]} 30. Qf5 Ba3 31. Qe6+ Kh8 32. Rxh7+ Rxh7 33. Qf6+ Qg7) 30. Rh2 {[%emt 0:01:30] [#]} Rg8 $2 {[%emt 0:02:55]} ({Weaker is} 30... Bxg3 31. Rxb2 Qc3 32. Qg4 $11 (32. Qxg3 Qd3+ {[%mdl 64] Double Attack} 33. Ka1 Qxd1+ 34. Rb1 Qf3 $17)) (30... Ba3 $1 $19 31. Qe5+ Kg8 32. Qxc7 Rfxc7 33. Rxb2 Bxb2 34. Kxb2 Rc2+ 35. Ka1 R8c3) 31. Qh6 {[%emt 0:06:31] [#]} (31. Qd5 $11) 31... Bxg3 {[%emt 0:00:35]} (31... Qe7 $1 $17 {[%cal Re7e4]} 32. d5 Qe4+ 33. Rc2 Be5) 32. Rxb2 {[%emt 0:01:16]} Bf4 {[%emt 0:00:51]} 33. Bxf4 {[%emt 0:02:59]} Qxf4 {[%emt 0:00:19]} 34. Qe6 {[%emt 0:03:08]} Qf5+ {[%emt 0:00:49]} 35. Qxf5 {[%emt 0:00:06]} Rxf5 {[%emt 0:00:06]} 36. d5 {[%emt 0:00:30]} Rd8 {[%emt 0:00:19]} 37. Rb5 {[%emt 0:00:38]} a4 {[%emt 0:00:24]} 38. Kb2 {[%emt 0:00:59]} Rf2+ {[%emt 0:00:53]} 39. Ka3 {[%emt 0:00:14]} Kg7 {[%emt 0:00:52]} 40. Rb7+ {[%emt 0:00:13]} (40. d6 $14) 40... Kg6 {[%emt 0:00:28]} 41. d6 {[%emt 0:00:33]} h5 {[%emt 0:00:28]} 42. d7 {[%emt 0:01:38]} h4 {[%emt 0:00:35]} 43. Rc7 {[%emt 0:00:47]} h3 {[%emt 0:00:26]} 44. Rc8 {[%emt 0:00:22]} Rff8 {[%emt 0:00:06]} 45. Rxd8 {[%emt 0:00:15]} (45. Rg1+ $1 $14 Kh5 46. Rc5+ Kh4 47. Rc4+ {[%mdl 64] Double Attack} Kh5 48. Rc5+ Kh4 49. Rc6) 45... Rxd8 {[%emt 0:00:06]} 46. Kxa4 {[%emt 0:00:19]} h2 {[%emt 0:00:39]} 47. Rh1 {[%emt 0:01:35]} Rxd7 {[%emt 0:00:44]} 48. Rxh2 {[%emt 0:00:05]} Ra7+ $2 {[%emt 0:00:32]} ({Black should play} 48... Rd8 $14) 49. Kb5 {[%emt 0:00:06]} Ra3 {[%emt 0:00:23]} 50. Kb4 {[%emt 0:00:11]} Rg3 $2 {[%emt 0:00:30]} (50... Rf3 51. Rd2 Rf4+ 52. Ka5 Rf5+ 53. Kb6 Rf4) 51. a4 {[%emt 0:00:11]} Kf6 {[%emt 0:00:37]} 52. a5 {[%emt 0:01:00]} Ke6 {[%emt 0:00:16]} 53. Rd2 $2 {[%emt 0:00:35]} (53. a6 {mates} Rg8 54. a7 Ra8 55. Rh6+ Ke5 56. Ra6 Kd5 57. Kb5 Kd4 58. Ra4+ Kc3 59. Kb6) 53... Rg1 {[%emt 0:00:36]} 54. a6 {[%emt 0:00:54]} Ra1 {[%emt 0:01:02]} 55. Kb5 {[%emt 0:00:13]} Rb1+ {[%emt 0:00:30]} 56. Kc6 {[%emt 0:00:22]} Rc1+ {[%emt 0:00:30]} 57. Kb7 {[%emt 0:00:14]} Rb1+ {[%emt 0:00:15]} 58. Ka7 {[%emt 0:00:12]} Rb3 $2 {[%emt 0:00:47] [#]} (58... Ke7 59. Ka8 Ke8) 59. Rd8 $1 {[%emt 0:00:19]} Ke7 {[%emt 0:00:15] [#]} 60. Rb8 $1 {[%emt 0:00:16]} Ra3 {[%emt 0:00:32]} 61. Kb7 {[%emt 0:00:59]} (61. Rb5 $142 Rd3 62. Kb7 Rd7+ 63. Kb6 Kd6 64. a7 Rd8 65. Kb7 Ke7 66. a8=Q) 61... Rb3+ {[%emt 0:00:45]} 62. Ka8 {[%emt 0:00:07]} Ra3 {[%emt 0:00:09]} 63. a7 {[%emt 0:00:11]} (63. Rb6 $142 Kd7 64. Kb7 Rc3 65. a7 Rc7+ 66. Ka6 Rc8 67. Rb8 Rc6+ 68. Kb5) 63... Kd7 {[%emt 0:00:21]} 64. Rb4 $2 {[%emt 0:00:41]} (64. Kb7 {mates} Ke6 65. a8=Q Rxa8 66. Rxa8 Kd5 67. Ra5+ Ke4 68. Kc6 Kd4 69. Ra4+ Kd3 70. Kd5) 64... Kc7 {[%emt 0:00:56]} 65. Rg4 {[%emt 0:02:13]} Rh3 {[%emt 0:00:28]} 66. Rg7+ {[%emt 0:00:59]} Kc8 {[%emt 0:00:18]} 67. Rg2 {[%emt 0:01:43]} Rc3 $11 {[%emt 0:00:15]} 68. Rg7 {[%emt 0:02:36]} Rc2 {[%emt 0:00:18]} 1/2-1/2

[Event "CHI-ch Women 2020"]
[Site "Las Condes"]
[Date "2020.02.15"]
[Round "6.7"]
[White "Zuniga Lara, Catalina Paz"]
[Black "Luna Benalcazar, Gianella"]
[Result "1/2-1/2"]
[WhiteElo "1712"]
[BlackElo "1756"]
[Annotator "NA RC"]
[PlyCount "59"]
[EventDate "2020.02.11"]
[EventType "tourn"]
[EventCountry "CHI"]
[SourceTitle "playchess.com"]
[Source "ChessBase"]
[SourceQuality "1"]
[TimeControl "5400+30"]

1. d4 {[%emt 0:00:44]} d5 {[%emt 0:00:00]} 2. Nf3 {[%emt 0:00:10]} Nf6 {[%emt 0:00:00]} 3. c4 {[%emt 0:00:04]} e6 {[%emt 0:00:00]} 4. Nc3 {[%emt 0:00:13]} Be7 {[%emt 0:00:00]} 5. Bf4 {[%emt 0:00:14]} O-O {[%emt 0:00:16]} 6. h3 {[%emt 0:00:21]} b6 {[%emt 0:01:36]} 7. cxd5 {[%emt 0:02:02]} Nxd5 {[%emt 0:00:33]} 8. Bh2 {[%emt 0:03:58]} Bb7 {[%emt 0:08:28]} 9. e3 {[%emt 0:01:11]} c5 {[%emt 0:06:45]} 10. Bd3 {[%emt 0:07:20]} cxd4 {[%emt 0:02:00]} 11. exd4 {[%emt 0:01:58]} Nd7 {[%emt 0:06:55]} 12. O-O {[%emt 0:00:54]} N7f6 {[%emt 0:01:15]} 13. Rc1 {[%emt 0:01:07]} Rc8 {[%emt 0:02:26]} 14. Nxd5 {[%emt 0:01:47]} Bxd5 {[%emt 0:00:40]} 15. Qa4 {[%emt 0:00:54]} Rxc1 {[%emt 0:01:46]} 16. Rxc1 {[%emt 0:00:39]} Bxf3 {[%emt 0:00:32]} 17. gxf3 {[%emt 0:00:26]} Qd5 {[%emt 0:02:09]} 18. Rc3 {[%emt 0:00:07]} Qg5+ {[%emt 0:01:13]} 19. Kf1 {[%emt 0:00:56]} Nd5 {[%emt 0:01:45]} 20. Rc6 {[%emt 0:09:23]} Nb4 {[%emt 0:05:15]} 21. Rc3 {[%emt 0:00:14]} Nxd3 {[%emt 0:20:30]} 22. Rxd3 {[%emt 0:00:07]} Qc1+ {[%emt 0:04:49]} 23. Kg2 {[%emt 0:01:35]} Qxb2 {[%emt 0:03:20]} 24. Qxa7 {[%emt 0:00:22]} Qc2 {[%emt 0:03:45]} 25. Re3 {[%emt 0:01:44]} Bh4 {[%emt 0:06:43]} 26. Bg3 {[%emt 0:00:44]} Bxg3 {[%emt 0:00:37]} 27. Kxg3 {[%emt 0:00:05]} h5 {[%emt 0:02:57]} 28. Qxb6 {[%emt 0:01:16]} h4+ {[%emt 0:04:26]} 29. Kg2 {[%emt 0:00:04]} Qxa2 {[%emt 0:00:15]} 30. Re4 {[%emt 0:00:05]} 1/2-1/2

[Event "CHI-ch Women 2020"]
[Site "Las Condes"]
[Date "2020.02.15"]
[Round "6.8"]
[White "Melin Contreras, Valeria"]
[Black "Morales Flores, Monserrat"]
[Result "1/2-1/2"]
[WhiteElo "1685"]
[BlackElo "1955"]
[Annotator "TA"]
[PlyCount "40"]
[EventDate "2020.02.11"]
[EventType "tourn"]
[EventCountry "CHI"]
[SourceTitle "playchess.com"]
[Source "ChessBase"]
[SourceQuality "1"]

{[%evp 14,40,31,14,19,20,37,8,27,20,76,79,80,35,59,-12,-12,-21,64,65,73,0,25,27,35,21,51,7,22]} 1. e4 c5 2. Nc3 e6 3. g3 Nc6 4. Bg2 g6 5. d3 Bg7 6. Be3 d6 7. Qd2 a6 8. f4 Nge7 {B26: Closed Sicilian: 3 g3, lines with early Be3.} 9. Nf3 Nd4 10. Nh4 {[#]} Qb6 $146 ({Predecessor:} 10... O-O 11. O-O f5 12. Rae1 Rb8 13. Nd1 b5 14. Bf2 Qc7 15. c3 Ndc6 16. exf5 gxf5 17. Nf3 b4 18. Ng5 bxc3 19. bxc3 Rf6 20. d4 cxd4 21. cxd4 {½-½ (58) Kovalevskaya,E (2447)-Javakhishvili,L (2336) Istanbul 2003}) 11. Nd1 Bd7 (11... Ndc6 $11) 12. c3 $16 Ndc6 13. O-O O-O {[#]} 14. f5 (14. b4 $1 $14 {[%mdl 512]}) 14... exf5 $11 15. exf5 f6 ({Much worse is} 15... gxf5 $6 16. Bh6 $16) ({Black should try} 15... Bxf5 $11 16. Nxf5 Nxf5) 16. fxg6 $14 hxg6 17. Bh6 ({Better is} 17. d4 $16 {dxc5 is the strong threat.} cxd4 18. cxd4) 17... Ne5 18. Bxg7 Kxg7 19. Ne3 Be6 20. Nf3 Rad8 {Accuracy: White = 45%, Black = 51%.} 1/2-1/2

[Event "CHI-ch Women 2020"]
[Site "Las Condes"]
[Date "2020.02.15"]
[Round "6.9"]
[White "Sanchez Tobar, Francisca Valentina"]
[Black "Gomez Barrera, Javiera Belen"]
[Result "1/2-1/2"]
[WhiteElo "1757"]
[BlackElo "2051"]
[Annotator "TA"]
[PlyCount "68"]
[EventDate "2020.02.11"]
[EventType "tourn"]
[EventCountry "CHI"]
[SourceTitle "playchess.com"]
[Source "ChessBase"]
[SourceQuality "1"]

{[%evp 27,68,15,22,19,29,-22,-2,-6,30,5,5,5,14,14,31,0,3,0,0,0,0,0,0,0,0,-12,-12,-9,-12,-81,-42,-60,4,4,6,4,17,14,14,15,16,4,4]} 1. e4 e5 2. Nf3 Nc6 3. Nc3 Nf6 4. d4 exd4 5. Nxd4 Bb4 6. Nxc6 bxc6 7. Bd3 d5 8. exd5 cxd5 9. O-O O-O 10. Bg5 c6 11. Qf3 h6 12. Bxf6 Qxf6 13. Qxf6 gxf6 14. Ne2 Bd6 15. Rad1 {C47: Scotch Four Knights and Four Knights with 4 g3.} c5 16. c4 (16. Nc3 $142) 16... d4 17. b4 {[#]} Rb8 $146 ({Predecessor:} 17... Be6 18. Rfe1 Rab8 19. b5 a6 20. a4 axb5 21. axb5 Ra8 22. Ra1 f5 23. Reb1 Rfb8 {½-½ (61) Rodriguez Falcon,J (2050)-Marrero Martin,M (1892) Tenerife 2006}) 18. bxc5 Bxc5 19. Rb1 Ba6 20. Nf4 Rfc8 21. Nd5 Kg7 22. Rb3 Bd6 23. Rc1 Rc5 {White must now prevent ...Rxb3.} 24. Rxb8 Bxb8 25. Ne7 Kf8 26. Nf5 Ra5 27. Nxd4 (27. g3 {keeps more tension.} Rxa2 28. Nxh6 Ra3 29. Be4 Rc3 30. Rd1) 27... Rxa2 28. Nc6 (28. Nf5 $11 {keeps the balance.}) 28... Bf4 29. Rd1 Ra4 ({Better is} 29... Bd6 $15 30. Kf1 Bc5) 30. g3 {The position is equal.} Bc7 31. Nxa7 Bxc4 32. Bxc4 Rxc4 33. Nb5 Be5 34. Nd6 Bxd6 {Accuracy: White = 75%, Black = 78%.} 1/2-1/2

[Event "CHI-ch Women 2020"]
[Site "Las Condes"]
[Date "2020.02.15"]
[Round "6.10"]
[White "Abarca Gonzalez, Damaris"]
[Black "Reyes Jara, Paula"]
[Result "1-0"]
[WhiteElo "2056"]
[BlackElo "1860"]
[Annotator "TA"]
[PlyCount "69"]
[EventDate "2020.02.11"]
[EventType "tourn"]
[EventCountry "CHI"]
[SourceTitle "playchess.com"]
[Source "ChessBase"]
[SourceQuality "1"]

{[%evp 14,69,24,21,39,34,32,8,38,0,19,23,40,29,37,30,48,32,121,119,112,125,110,118,118,121,129,139,137,133,128,118,142,100,139,127,127,0,448,458,745,696,712,699,685,542,588,589,720,656,704,509,738,535,506,321,891,879]} 1. e4 e5 2. Nf3 Nc6 3. Bc4 Bc5 4. O-O Nf6 5. d3 d6 6. c3 a6 7. b4 {7.a4 is setting a new trend.} Ba7 8. a4 Be6 {C54: Giuoco Piano: 4 c3 Nf6, main lines with 5 d4 and 5 d3.} 9. Nbd2 {[%cal Bb1d2,Bd2c4,Bc4e3,Be3f5][%mdl 32]} O-O 10. Qb3 Qe7 {The position is equal.} 11. a5 Nd8 {[#]} 12. Re1 $146 ({Predecessor:} 12. d4 exd4 13. cxd4 Nxe4 14. Nxe4 Bxc4 15. Qxc4 Qxe4 16. Re1 Qc6 17. Qb3 d5 18. Re5 {0-1 (39) Mraz,O (2170)-Kamody,M (2254) Slovakia 2017}) 12... Ng4 13. Re2 Bxc4 14. Nxc4 Ne6 15. h3 Nxf2 ({Better is} 15... Nf6 $14) 16. Rxf2 $16 Bxf2+ 17. Kxf2 f5 {With the idea ...fxe4.} 18. Ne3 fxe4 19. dxe4 Kh8 20. Nf5 Qf6 21. Kg1 g6 22. N5h4 Nf4 23. Qc2 Rad8 24. Be3 d5 25. Bc5 (25. Rd1 $16) 25... Rf7 $2 {[%mdl 8192] [#]} (25... g5 $1 $11 {and Black stays safe.}) 26. Nxe5 $1 $18 {[%mdl 512]} dxe4 (26... Rg7 $142 27. Nhf3 h5) (26... Qxe5 27. Bd4) 27. Nxf7+ Qxf7 28. Qxe4 Re8 29. Qf3 Ne2+ {[#]} 30. Kh2 $1 Qe6 31. Re1 Kg8 32. g3 Qe4 33. Qxe4 Rxe4 34. Bd4 Nxc3 $2 (34... Nxg3 35. Nf3 Rxe1) 35. Bxc3 {Accuracy: White = 68%, Black = 46%.} 1-0

[Event "CHI-ch Women 2020"]
[Site "Las Condes"]
[Date "2020.02.16"]
[Round "7.6"]
[White "Reyes Jara, Paula"]
[Black "Hormazabal Figueroa, Constanza Valentina"]
[Result "1-0"]
[WhiteElo "1860"]
[BlackElo "1786"]
[Annotator "NA RC"]
[PlyCount "64"]
[EventDate "2020.02.11"]
[EventType "tourn"]
[EventCountry "CHI"]
[SourceTitle "playchess.com"]
[Source "ChessBase"]
[SourceQuality "1"]
[TimeControl "5400+30"]

{[%evp 8,64,27,5,23,22,22,0,18,8,10,36,34,2,37,34,38,27,34,18,12,20,26,20,43,19,18,15,41,26,18,8,20,26,8,18,18,0,0,-109,-94,-107,15,20,12,0,0,0,0,-22,-7,0,0,0,0,0,0,0,0]} 1. e4 {[%emt 0:03:14]} c6 {[%emt 0:00:00]} 2. d4 {[%emt 0:00:16]} d5 {[%emt 0:00:00]} 3. exd5 {[%emt 0:00:24]} cxd5 {[%emt 0:00:00]} 4. Bd3 {[%emt 0:00:17]} Nc6 {[%emt 0:00:07]} 5. Ne2 {[%emt 0:00:28]} Bg4 {[%emt 0:01:14]} 6. c3 {[%emt 0:00:16]} Qc7 {[%emt 0:01:33]} 7. Qb3 {[%emt 0:02:34] 7.0-0 is becoming the main line. B13: Caro-Kann: Exchange Variation and Panov-Botvinnik Attack.} e6 {[%emt 0:04:02]} 8. Bf4 {[%emt 0:02:43]} Bd6 {[%emt 0:00:16]} 9. Bxd6 {[%emt 0:00:28]} Qxd6 {[%emt 0:00:08]} 10. Ng3 {[%emt 0:00:50] [#]} Nge7 $146 {[%emt 0:02:56]} ({Predecessor:} 10... e5 11. Bf5 Bxf5 12. Nxf5 Qg6 13. Nxg7+ Kf8 14. Nh5 {½-½ (14) Proksch,G (2079)-Stumpf,H (2245) Bad Woerishofen 2001}) 11. h3 {[%emt 0:06:55]} Bf5 $1 {[%emt 0:00:09]} 12. Nxf5 {[%emt 0:00:51]} ({But not} 12. Qxb7 Rb8 $17) 12... Nxf5 {[%emt 0:00:20]} 13. Bxf5 {[%emt 0:00:19]} exf5 {[%emt 0:00:06]} 14. O-O {[%emt 0:00:06]} O-O {[%emt 0:00:24]} 15. Nd2 {[%emt 0:00:59]} a6 {[%emt 0:02:02]} 16. Rae1 {[%emt 0:02:19]} b5 {[%emt 0:03:19]} 17. Nf3 {[%emt 0:01:39]} Rfe8 {[%emt 0:00:41]} 18. Rxe8+ {[%emt 0:03:45]} Rxe8 {[%emt 0:00:12]} 19. Re1 {[%emt 0:00:56]} Re4 {[%emt 0:00:56]} 20. a4 {[%emt 0:08:21]} b4 {[%emt 0:03:28]} 21. Rc1 {[%emt 0:04:21]} g6 {[%emt 0:03:53]} 22. cxb4 {[%emt 0:34:57]} Nxd4 {[%emt 0:05:33]} 23. Rc8+ {[%emt 0:01:22]} (23. Nxd4 $11 {was the only way to keep the balance.} Rxd4 24. b5) 23... Kg7 {[%emt 0:00:33]} 24. Qc3 {[%emt 0:00:20] [#]} Qf6 {[%emt 0:03:08]} (24... Qxb4 $1 $17 {[%mdl 512]} 25. Nxd4 (25. Qxb4 Nxf3+) 25... Qxd4) 25. Nxd4 {[%emt 0:00:17]} Qxd4 {[%emt 0:00:30]} 26. Rc5 {[%emt 0:02:37]} Kh6 {[%emt 0:07:59]} 27. Qxd4 {[%emt 0:05:36]} Rxd4 {[%emt 0:00:07]} 28. b5 {[%emt 0:00:08]} axb5 {[%emt 0:03:26]} 29. Rxb5 {[%emt 0:01:41]} Rxa4 {[%emt 0:02:28]} 30. Rxd5 {[%emt 0:00:05]} Ra1+ {[%emt 0:00:08]} 31. Kh2 {[%emt 0:00:24]} Rb1 $11 {[%emt 0:00:13]} 32. Rb5 {[%emt 0:01:16]} Kg7 {[%emt 0:05:35]} 1-0

[Event "CHI-ch Women 2020"]
[Site "Las Condes"]
[Date "2020.02.16"]
[Round "7.7"]
[White "Gomez Barrera, Javiera Belen"]
[Black "Abarca Gonzalez, Damaris"]
[Result "1/2-1/2"]
[WhiteElo "2051"]
[BlackElo "2056"]
[Annotator "TA"]
[PlyCount "51"]
[EventDate "2020.02.11"]
[EventType "tourn"]
[EventCountry "CHI"]
[SourceTitle "playchess.com"]
[Source "ChessBase"]
[SourceQuality "1"]

{[%evp 26,51,59,52,58,49,31,39,44,41,56,60,70,82,90,83,78,75,77,63,54,58,91,80,110,103,110,93]} 1. e4 e5 2. Nf3 Nc6 3. Bb5 a6 4. Ba4 Nf6 5. O-O Be7 6. Re1 b5 7. Bb3 d6 8. c3 O-O 9. h3 Nb8 10. d4 Nbd7 11. Nbd2 Bb7 12. Bc2 Re8 13. a4 c5 14. d5 c4 {C95: Closed Ruy Lopez: Breyer Variation with 10 d4.} 15. b3 cxb3 16. Nxb3 Qc7 {White is slightly better.} 17. Bd3 bxa4 18. Rxa4 Nb6 19. Ra3 {[#]} Nc4 $146 {[#]} ({Predecessor:} 19... Nfd7 20. Na5 Nc5 21. Be3 Nbd7 22. Bc2 Bd8 23. Nd2 Qb8 24. Ndc4 Bxa5 25. Nxa5 Qc7 {½-½ (50) Janik,I (2318)-Nowak,K (2313) Suchedniow 2016}) 20. Bxc4 $1 Qxc4 21. Na5 Qc7 22. Nxb7 Qxb7 23. Qd3 Nd7 24. Be3 {White is better.} a5 {[#]} 25. Rea1 $1 Bd8 26. Nd2 {Accuracy: White = 100%, Black = 79%.} 1/2-1/2

[Event "CHI-ch Women 2020"]
[Site "Las Condes"]
[Date "2020.02.16"]
[Round "7.8"]
[White "Morales Flores, Monserrat"]
[Black "Sanchez Tobar, Francisca Valentina"]
[Result "1/2-1/2"]
[WhiteElo "1955"]
[BlackElo "1757"]
[Annotator "TA"]
[PlyCount "41"]
[EventDate "2020.02.11"]
[EventType "tourn"]
[EventCountry "CHI"]
[SourceTitle "playchess.com"]
[Source "ChessBase"]
[SourceQuality "1"]

{[%evp 9,41,20,29,21,21,12,30,33,35,12,18,16,15,9,37,34,19,0,12,-22,-19,-26,12,0,37,22,24,27,61,53,59,0,42,0]} 1. e4 e5 2. Nf3 Nc6 3. Nc3 Nf6 4. Be2 Be7 5. d4 d6 6. O-O {C47: Scotch Four Knights and Four Knights with 4 g3.} O-O 7. h3 h6 8. Be3 {White has an edge.} Re8 {[#]} 9. dxe5 $146 ({Predecessor:} 9. Qd2 exd4 10. Nxd4 Bd7 11. f4 Nxd4 12. Bxd4 Bc6 13. Bf3 Nd7 14. b4 a6 15. a4 {1-0 (46) Mammadov,Z (2432)-Chkhaidze,N (2279) Poti 2016}) 9... dxe5 10. Bb5 Bd6 11. Qe2 a6 12. Bxc6 $1 bxc6 13. Qc4 Bd7 14. Na4 c5 {[#] Threatens to win with ...Bb5.} 15. Nc3 $1 Be6 16. Qe2 Nd7 17. Rfd1 Qf6 18. Kh1 Kh8 19. Nd2 Qh4 20. Nf3 Qf6 21. Nd2 {Accuracy: White = 87%, Black = 70%.} 1/2-1/2

[Event "CHI-ch Women 2020"]
[Site "Las Condes"]
[Date "2020.02.16"]
[Round "7.9"]
[White "Luna Benalcazar, Gianella"]
[Black "Melin Contreras, Valeria"]
[Result "1-0"]
[WhiteElo "1756"]
[BlackElo "1685"]
[Annotator "NA RC"]
[PlyCount "45"]
[EventDate "2020.02.11"]
[EventType "tourn"]
[EventCountry "CHI"]
[SourceTitle "playchess.com"]
[Source "ChessBase"]
[SourceQuality "1"]
[TimeControl "5400+30"]

1. e4 {[%emt 0:00:00]} d6 {[%emt 0:00:13]} 2. d4 {[%emt 0:00:05]} Nf6 {[%emt 0:00:13]} 3. Nc3 {[%emt 0:01:23]} g6 {[%emt 0:00:12]} 4. Be2 {[%emt 0:00:28]} Bg7 {[%emt 0:00:59]} 5. Be3 {[%emt 0:00:09]} O-O {[%emt 0:01:02]} 6. g4 {[%emt 0:00:37]} c6 {[%emt 0:05:58]} 7. g5 {[%emt 0:00:21]} Nfd7 {[%emt 0:01:49]} 8. h4 {[%emt 0:01:16]} b5 {[%emt 0:02:55]} 9. Bf3 {[%emt 0:02:02]} Nb6 {[%emt 0:01:39]} 10. Qe2 {[%emt 0:12:01]} b4 {[%emt 0:03:31]} 11. Nd1 {[%emt 0:02:09]} a5 {[%emt 0:01:13]} 12. Qf1 {[%emt 0:00:45]} Ba6 {[%emt 0:00:29]} 13. Qh3 {[%emt 0:01:44]} Nc4 {[%emt 0:14:33]} 14. h5 {[%emt 0:02:29]} e5 {[%emt 0:02:42]} 15. hxg6 {[%emt 0:01:53]} fxg6 {[%emt 0:00:19]} 16. Qxh7+ {[%emt 0:05:39]} Kf7 {[%emt 0:00:08]} 17. Rh6 {[%emt 0:00:51]} Rh8 {[%emt 0:11:04]} 18. Qxg6+ {[%emt 0:00:24]} Kf8 {[%emt 0:02:19]} 19. Qf5+ {[%emt 0:04:52]} Kg8 {[%emt 0:01:19]} 20. Qe6+ {[%emt 0:00:50]} Kf8 {[%emt 0:00:19]} 21. g6 {[%emt 0:06:56]} Qf6 {[%emt 0:11:07]} 22. Rxh8+ {[%emt 0:00:22]} Bxh8 {[%emt 0:06:18]} 23. Bh6+ {[%emt 0:00:09]} 1-0